| 000 | 004390000a22001810004500 | ||
|---|---|---|---|
| 003 | MACL | ||
| 005 | 20151017145917.0 | ||
| 008 | 151017b xxu||||| |||| 00| 0 eng d | ||
| 040 |
_aMACL _cMACL |
||
| 041 | _aEnglish | ||
| 082 | _a920/RAI | ||
| 100 |
_aRai, Lala Lajpat _915705 |
||
| 245 | _aThe Story of My Deportation | ||
| 260 |
_bMetropolitan _c1992 _aNew Delhi |
||
| 350 | _a200 | ||
| 650 |
_aBiography _915706 |
||
| 942 |
_cBK _k920 _2ddc |
||
| 999 |
_c3911 _d3911 |
||